000 01003nam a2200253Ia 4500
003 OSt
005 20220923211731.0
006 a|||||r|||| 00| 0
007 ta
008 220922b |||||||| |||| 00| 0 hin d
024 _a43,750
037 _cTextual
040 _aARTS
_cARTS
_bhin
041 _2hin
_ahin
082 _aO15,2(Q3)GAB:g, 152M4
100 _aत्रिपाठी, रामप्रसाद
_9156299
245 0 _aजैन संस्कृत महाकाव्य परम्परा और अभयदेव कृत जयन्तविजय
246 _aJain sanskṛut hinākāvya paramparā aur abhayadev kṛut jayantavijaya
260 _aकानपृर
_b साहित्य निकेतन
_c1984
300 _a343पृ.
_ccm.
650 _aसंस्कृत साहित्य
942 _hO15,2(Q3)GAB:g, 152M4
_cTEXL
_2CC
999 _c302996
_d302996